La stratégie secrète de la drôle de guerre: Le Conseil Supreme Interallie september 1939 avril 1940

Saved in:
Bibliographic Details
Main Author: Bedarida, Francois (Author)
Format: Book
Language:French
Published: París Presses de la Fondation Nationale des Sciences Politiques 1979
Subjects:
Tags: Add Tag
No Tags, Be the first to tag this record!

MARC

LEADER 00000nam a2200000 a 4500
001 UCZ0339
003 CL-VaPUC
008 950728e19790000FR |||||||||||||||||fre|d
082 0 4 |a 940.53  |b BED  |2 21 
100 0 |a Bedarida, Francois  |e author  |9 343099 
245 1 3 |a La stratégie secrète de la drôle de guerre: Le Conseil Supreme Interallie september 1939 avril 1940 
300 |a 573 p 
942 |c BK 
945 |d 19950728 00:00:00  |a rbrito 
260 |a París  |b Presses de la Fondation Nationale des Sciences Politiques  |c 1979 
600 0 7 |a CONSEJO SUPREMO INTERALIADO  |2 CL-VaPUC  |9 343100 
650 0 |a Ciencias Políticas  |9 255201 
650 7 |a GUERRA MUNDIAL II  |2 CL-VaPUC  |9 336657 
651 0 |a Francia  |9 255157 
651 0 |a Inglaterra  |9 255158 
583 |a last modification  |c 19950728 00:00:00  |k Rodrigo Vera 
999 |c 237281  |d 237279 
952 |0 0  |1 0  |4 0  |6 940_530000000000000_BED_1979  |7 0  |8 A  |9 246189  |a BIBHIS  |b BIBHIS  |d 2019-11-18  |i 3108694  |o 940.53 BED 1979  |p 3108694  |r 2025-01-20  |w 2019-11-18  |y BK  |k HIS